Európske normy - Medzinárodná norma ISO 9000 Management kvality - Normy zabezpečenia kvality

Systém zabezpečenia kvality zabezpečuje skupina medzinárodných noriem ISO 9000 až 9004. Systém zabezpečenia kvality v jednom podniku ovplyvňuje ciele tohto podniku, typ výrobku alebo služby a postupy, ktoré podnik charakterizujú. Preto sa systém zabezpečenia kvality v jednom podniku líši od systému...

Descripción completa

Guardado en:
Detalles Bibliográficos
Autor principal: Kylberger, J.
Formato: Capítulo de libro
Lenguaje:eslovaco
Materias:
Etiquetas: Agregar Etiqueta
Sin Etiquetas, Sea el primero en etiquetar este registro!

MARC

LEADER 00000naa a2200000 4500
001 r015531
005 20221205090113.2
041 0 |a slo 
044 |a SK 
245 1 0 |a Európske normy - Medzinárodná norma ISO 9000  |b Management kvality - Normy zabezpečenia kvality  |c J. Kylberger 
520 |a Systém zabezpečenia kvality zabezpečuje skupina medzinárodných noriem ISO 9000 až 9004. Systém zabezpečenia kvality v jednom podniku ovplyvňuje ciele tohto podniku, typ výrobku alebo služby a postupy, ktoré podnik charakterizujú. Preto sa systém zabezpečenia kvality v jednom podniku líši od systému v podniku inom. Dodatkom tejto informácie je tabuľka, ktorá obsahuje porovnanie prvkov systému zabezpečenia kvality. Účel a oblasť použitia medzinárodnej normy. 
610 2 0 |a normy medzinárodné 
610 2 0 |a riadenie kvality 
610 2 0 |a kvalita 
610 2 0 |a kvalita 
610 2 0 |a ISO 9000 
100 1 |a Kylberger, J.